000
00262nam a2200121Ia 4500
100
_a
GAIKWAD/ BORKUE
650
_a
Mathematics
942
_c
BK
245
_a
Basic mathematics
260
_b
S.Chand
_a
New Delhi
_c
2013
082
_a
510/GAI/BOR
546
_a
ENGLISH
999
_c
26523
_d
26523